Diccionario de la niñez (Record no. 40299)

MARC details
000 -LEADER
campo de control de longitud fija 00816nam a2200205 i 4500
001 - NÚMERO DE CONTROL
campo de control 40299
003 - IDENTIFICADOR DE NÚMERO DE CONTROL
campo de control ES-MaACL
005 - FECHA Y HORA DE LA ÚLTIMA TRANSACCIÓN
campo de control 20230906160203.0
007 - CAMPO FIJO DE DESCRIPCIÓN FÍSICA--INFORMACIÓN GENERAL
campo de control de longitud fija t|
008 - DATOS DE LONGITUD FIJA--INFORMACIÓN GENERAL
campo de control de longitud fija 030305s1866 sp e |||| | spa d
100 1# - ENTRADA PRINCIPAL--NOMBRE DE PERSONA
Nombre de persona Carrillo de Albornoz, Maximino.
9 (RLIN) 35773
245 10 - MENCIÓN DEL TÍTULO
Título Diccionario de la niñez
Resto del título : colección de consejos morales y nociones útiles y agradables para la lectura de los jóvenes y de las familias /
Mención de responsabilidad, etc. por Máximino Carrillo de Albornoz.
260 ## - PUBLICACIÓN, DISTRIBUCIÓN, ETC.
Lugar de publicación, distribución, etc. Madrid :
Nombre del editor, distribuidor, etc. José Mª Lezcano,
Fecha de publicación, distribución, etc. 1866.
300 ## - DESCRIPCIÓN FÍSICA
Extensión XVI, 326 p. ;
Dimensiones 17 cm.
500 ## - NOTA GENERAL
Nota general Ejemplar incompleto.
530 ## - NOTA DISPONIBLE DE FORMULARIO FÍSICO ADICIONAL
Nota de formato físico adicional disponible Disponible en formato digital.
650 ## - PUNTO DE ACCESO ADICIONAL DE MATERIA--TÉRMINO DE MATERIA
Término de materia o nombre geográfico como elemento de entrada Enciclopedias infantiles y juveniles.
9 (RLIN) 156655
852 ## - LOCALIZACIÓN
Ubicación ES-MaACL
Número de control de estantería C-3573
856 ## - LOCALIZACIÓN Y ACCESO ELECTRÓNICOS
Identificador Uniforme de Recursos <a href="http://bdh-rd.bne.es/viewer.vm?id=0000140786&page=1 ">http://bdh-rd.bne.es/viewer.vm?id=0000140786&page=1 </a>
Nota pública Biblioteca Digital Hispánica
Holdings
Estatus retirado Estado de pérdida Estado de daño No para préstamo Colección Biblioteca de origen Biblioteca actual Ubicación en estantería Fecha de adquisición Fuente de adquisición Total de préstamos Signatura topográfica completa Código de barras Visto por última vez Precio de reemplazo Tipo de ítem Koha
        Colección digital Biblioteca del Ateneo de Madrid Biblioteca del Ateneo de Madrid Sala Palomar 17/01/2008     C-3573 1042427 23/02/2023 23/02/2023 Libro impreso antiguo